Biblioteka Instytutu Północnego w Olsztynie

Historya literatury polskiej. (Rekord nr 27682)

Szczegóły MARC
000 -Nagłówek
fixed length control field 01375cam a2200373 i 4500
001 - Nr kontrolny bibl., która utworzyła rek.
control field zz2005871061
003 - Siglum bibl., której nr kontr. jest w 001
control field NUKAT
005 - Data i czas ostatniej operacji
control field 20260418213326.0
008 - Elementy pola stałej długości
fixed length control field 050824s1900 pl |000 0 pol c
035 ## - Systemowy numer kontrolny
systemowy numer kontrolny (OCoLC)749679022
035 ## - Systemowy numer kontrolny
systemowy numer kontrolny (NUKAT)zz2005871061
040 ## - Instytucja sporządzająca opis
Instytucja, która sporządziła opis WA U/JS
Instytucja, która sporządziła rekord WA U/JS
Instytucja, która zmodyfikowała rekord WA U/JL
-- GD PAN/GSz
100 1# - Hasło główne-nazwa osobowa
Nazwa osobowa Tarnowski, Stanisław
Daty biograficzne (1837-1917).
9 (RLIN) 2670
245 10 - Tytuł właściwy i oznaczenie odpow.
tytuł Historya literatury polskiej.
numer części/sekcji pracy T. 5,
tytuł części/sekcji pracy Wiek XIX. 1831-1850 /
dod. inf. ze s. tyt./ozn. odpow. St. Tarnowski.
246 13 - Inne formy tytułu, wariant tytułu
tytuł Historia literatury polskiej
260 ## - Adres wydawniczy
miejsce wydania, dystrybucji itp. Kraków :
nazwa wydawcy, dystrybutora itp. Drukarnia "Czasu" pod zarządem Józefa Łakocińskiego,
data wydania, dystrybucji itp. 1900.
300 ## - Opis fizyczny
objętość i/lub forma materiału [6], 505 s. ;
format 22 cm.
336 ## - Content Type
Term Tekst
Code txt
Source rdacontent
337 ## - Media Type
Term Bez urządzenia pośredniczącego
Code n
Source rdamedia
338 ## - Carrier Type
Term Wolumin
Code nc
Source rdacarrier
380 ## - Form of work
Form of work Książki
504 ## - Uwaga o bibliografii
uwaga o bibliografii Bibliogr. s. 486-501.
510 3# - Uwaga o cytowaniu lub źródłach opisu bibliogr.
nazwa źródła PB
591 ## - Inny rodzaj relacji
Inny rodzaj relacji Współoprawne z: Historya literatury polskiej. T. 4 / St. Tarnowski, Kraków 1900.
648 #7 - SUBJECT ADDED ENTRY--CHRONOLOGICAL TERM
Chronological term 1801-1900
Source of heading or term DBN
9 (RLIN) 36037
650 #7 - Hasło przedmiotowe-nazwa pospolita
nazwa pospolita lub geogr. Literatura polska
źródło hasła DBN
9 (RLIN) 34964
650 #7 - Hasło przedmiotowe-nazwa pospolita
nazwa pospolita lub geogr. Literatura polska
określnik chronologiczny 19 w.
określnik rzeczowy historia i krytyka.
źródło hasła kaba
9 (RLIN) 35506
655 #7 - Termin określający rodzaj/formę
rodzaj/forma Literatura polska
źródło terminu DBN
9 (RLIN) 40273
658 ## - Nazwa określająca cel programu nauczania
główny cel programu nauczania Historia
658 ## - Nazwa określająca cel programu nauczania
główny cel programu nauczania Literaturoznawstwo
710 2# - Hasło dodatkowe - nazwa ciała zbior.
nazwa ciała zbior. lub nazwa geogr. Drukarnia "Czasu" (Kraków).
kod rodzaju współpracy prt
9 (RLIN) 1286
787 ## - Inny rodzaj relacji
informacja identyfikująca 16217/4
tytuł z rek. związanego Historya literatury polskiej. T. 4
nr kontr. rek. związ. zz2006801448
942 ## - ADDED ENTRY ELEMENTS (KOHA)
Source of classification or shelving scheme Dewey Decimal Classification
Koha item type pozycje dostępne na miejscu
Egzemplarze
Status wycofania Status zagubienia Klasyfikacja Oprawione z Status uszkodzenia Blokada wypożyczeń Kolekcja Lokalizacja macierzysta Lokalizacja bieżąca Data nabycia Numer akcesji Źródło akcesji Nr inwentarzowy il. wypożyczeń Sygnatura Kod kreskowy Date last seen Price effective from Typ egz.
    Dewey Decimal Classification 16127/5 nieuszkodzona   Pracownia Badań Księgozbiorów Historycznych Biblioteka Instytutu Północnego w Olsztynie Pracownia Badań Księgozbiorów Historycznych 18/04/2026 K-38/1965 kupno 16127/5   16127/5 IPWK23791 18/04/2026 18/04/2026 pozycje dostępne na miejscu
Biblioteka Instytutu Północnego, ul. Partyzantów 87, 10-402 Olsztyn, email: biblioteka(at)ip.olsztyn.pl